Statistiken für Top-Skisprungländer bei den Olympischen Spielen

Klicken Sie hier um das Quiz zu spielen!

Allgemein

  • Dieses Quiz wurde 440 mal gespielt
  • Das Durchschnittsergebnis liegt bei 11 aus 14

Antwortstatistiken

GoldSilberBronzeGesamtLand% Korrekt
691025Österreich
100%
89418Deutschland
99%
1191330Norwegen
99%
108422Finnland
97%
4105Schweiz
97%
4327Polen
94%
35411Japan
92%
0123Slowenien
89%
0112Schweden
88%
0011Vereinigte Staaten
84%
0011Frankreich
76%
1001Sowjetunion
51%
0112Jugoslawien
42%
1247Tschechoslowakei
40%

Verteilung der Resultate

Perzentil nach korrekt beantworteten Fragen

Anzahl Personen mit jedem Resultat

Ihre Resultats-Entwicklung

Sie haben dieses Quiz noch nicht gespielt